|
|
|
|
| LEADER |
00000nam a2200000Ii 4500 |
| 001 |
DIGEDUNAV0217 |
| 003 |
NyNyDIG |
| 006 |
m o d |
| 007 |
cr ||||||||||| |
| 008 |
220606s2016 sp ob 000 0 spa d |
| 035 |
|
|
|a (OCoLC)1333701890
|
| 040 |
|
|
|a DGITA
|b eng
|e rda
|e pn
|c DGITA
|
| 020 |
|
|
|z 9788431331276
|
| 050 |
1 |
4 |
|a B29 ebook
|
| 082 |
0 |
4 |
|a 190
|
| 245 |
0 |
3 |
|a La filosofía hoy :
|b en la academia y en la vida /
|c Manuel C. Ortiz de Landázuri, Cruz González-Ayesta, (eds.)
|
| 264 |
|
1 |
|a Pamplona, España :
|b EUNSA, Ediciones Universidad de Navarra,
|c [2016]
|
| 300 |
|
|
|a 1 online resource.
|
| 336 |
|
|
|a text
|b txt
|2 rdacontent
|
| 337 |
|
|
|a computer
|b c
|2 rdamedia
|
| 338 |
|
|
|a online resource
|b cr
|2 rdacarrier
|
| 347 |
|
|
|a text file
|2 rdaft
|
| 347 |
|
|
|b PDF
|
| 490 |
1 |
|
|a Colección Filosófica ;
|v núm. 234
|
| 588 |
0 |
|
|a Online resource; title from PDF title page (Digitalia, viewed June 6, 2022)
|
| 650 |
|
0 |
|a Philosophy.
|
| 650 |
|
0 |
|a Philosophy and civilization.
|
| 650 |
|
0 |
|a Education, Higher
|x Philosophy.
|
| 655 |
|
0 |
|a Electronic books.
|
| 700 |
1 |
|
|a Cruz Ortiz de Landázuri, Manuel,
|d 1986-
|e editor.
|
| 700 |
1 |
|
|a González Ayesta, Juan,
|d 1968-
|e editor.
|
| 791 |
2 |
|
|a Digitalia (Firm),
|e distributor.
|
| 793 |
0 |
|
|g Digitalia eBook Collection:
|a Ediciones Universidad de Navarra
|
| 776 |
0 |
8 |
|i Print version:
|t Filosofía hoy.
|b Primera edición.
|d Pamplona, España : EUNSA, Ediciones Universidad de Navarra, [2016]
|z 9788431331276
|
| 830 |
|
0 |
|a Colección filosófica (Universidad de Navarra. Facultad de Filosofía y Letras) ;
|v 234.
|
| 856 |
4 |
0 |
|3 Digitalia Hispánica
|u https://www.digitaliapublishing.com/a/51584/
|
| 910 |
|
|
|a Premium collection: 2022
|